| 000 | 02514cam a22003974a 4500 | ||
|---|---|---|---|
| 005 | 20020907181707.0 | ||
| 008 | 010314s2002 maua b 001 0 eng | ||
| 010 | _aENG-96220 B-423005-009 | ||
| 020 |
_a9780070702462 _c425.00 |
||
| 020 |
_a0070702462 _c425.00 |
||
| 035 | _aEN-79753 B-423005-009 | ||
| 037 | _bDBAD/PUB | ||
| 037 | _bAllied Pub/Ven | ||
| 040 |
_aDPL _bENG |
||
| 082 | _a629.04 | ||
| 100 |
_aBanks, James H. _929490 |
||
| 245 |
_aIntroduction to transportation engineering / _cby James H. Banks |
||
| 250 | _a2nd ed. | ||
| 260 |
_aNew Delhi _bMcGraw-Hill Education _c2010 |
||
| 270 |
_a7, West Patel Nagar _bNew Delhi _e110008 |
||
| 300 |
_aix, 502 p. : _bill. _c24 cm (pbk) |
||
| 440 | _aMcGraw-Hill series in transportation | ||
| 504 | _aIncludes bibliographical references and index. | ||
| 650 |
_aTransportation engineering. _929491 |
||
| 856 |
_3Publisher description _uhttp://www.loc.gov/catdir/description/mh021/2001030687.html |
||
| 856 |
_3Table of contents _uhttp://www.loc.gov/catdir/toc/mh021/2001030687.html |
||
| 942 |
_2ddc _cEN _mBAN _h629.04 |
||
| 999 |
_c36428 _d36428 |
||